Mexico : Financial Sector Assessment Program Update; Technical Note; Organizational Arrangements for Effective Financial System Regulation, Supervision and Policymaking.

This paper discusses Mexico's organizational arrangements for effective financial system regulation, supervision and policymaking. Reforms implemented encompassed the legal framework, operational arrangements, and information systems, as well as transparency and information disclosure aspects....

Deskribapen osoa

Xehetasun bibliografikoak
Erakunde egilea: International Monetary Fund
Formatua: Aldizkaria
Hizkuntza:English
Argitaratua: Washington, D.C. : International Monetary Fund, 2007.
Saila:IMF Staff Country Reports; Country Report ; No. 2007/167
Sarrera elektronikoa:Full text available on IMF
LEADER 01844cas a2200241 a 4500
001 AALejournalIMF009296
008 230101c9999 xx r poo 0 0eng d
020 |c 5.00 USD 
020 |z 9781451825756 
022 |a 1934-7685 
040 |a BD-DhAAL  |c BD-DhAAL 
110 2 |a International Monetary Fund. 
245 1 0 |a Mexico :   |b Financial Sector Assessment Program Update; Technical Note; Organizational Arrangements for Effective Financial System Regulation, Supervision and Policymaking. 
264 1 |a Washington, D.C. :  |b International Monetary Fund,  |c 2007. 
300 |a 1 online resource (17 pages) 
490 1 |a IMF Staff Country Reports 
500 |a <strong>Off-Campus Access:</strong> No User ID or Password Required 
500 |a <strong>On-Campus Access:</strong> No User ID or Password Required 
506 |a Electronic access restricted to authorized BRAC University faculty, staff and students 
520 3 |a This paper discusses Mexico's organizational arrangements for effective financial system regulation, supervision and policymaking. Reforms implemented encompassed the legal framework, operational arrangements, and information systems, as well as transparency and information disclosure aspects. There has been a significant modernization of the regulatory framework, improvement of interagency coordination, and significant steps have been taken toward consolidated supervision. There is also the need to strengthen the Secretary of Finance and Public Credit's role in designing medium- and long-term development strategies for the financial sector attuned to evolving market realities. 
538 |a Mode of access: Internet 
830 0 |a IMF Staff Country Reports; Country Report ;  |v No. 2007/167 
856 4 0 |z Full text available on IMF  |u http://elibrary.imf.org/view/journals/002/2007/167/002.2007.issue-167-en.xml  |z IMF e-Library